League of Legends - Passive Abilities - Statistics

General Stats
  • This quiz has been taken 601 times
  • The average score is 11 of 20
Answer Stats
Description or Passive's name Champion % Correct
Headshot Caitlyn
100%
While in combat this Champion generates Rage. At maximum Rage their next ability will transform them, granting increased survivability and access to new spells. Gnar
100%
Cannot attack or be attacked by non-epic monsters. Can create magical groves on jungle camps which grow over time. When the grove is fully grown, this Champion may free the monsters to receive gold and experience. Ivern
100%
Living Forge Ornn
100%
While in brush, this Champion leaps at a target with a basic attack. Leaping while at no Ferocity generates Ferocity. At Max Ferocity, their next ability is empowered. Casting an empowered ability increases Movement Speed for a few seconds. Killing enemy Champions awards trophies, granting permanent bonus Attack Damage. Rengar
100%
Upon taking fatal damage, this Champion reverts to an egg and is reborn with full health. Anivia
96%
Gains an additional bonus Armor and Magic Resistance from all sources. This Champion can spend gold to forge non-consumable items anywhere. Additionally, they can create masterwork items for themself and for their allies. Ornn
95%
Can mark targets to Hunt. Successfully completing a Hunt permanently empowers this Champion's basic abilities. Every 4 hunts completed also increases their basic attack range. Kindred
94%
Granite Shield Malphite
94%
This Champion can look like an ally champion. Taking damage from enemy Champions or casting damaging spells breaks the disguise. Neeko
94%
If this Champion stands still and takes no actions for a short duration, they become Invisible indefinitely. If they are in brush, they can enter and maintain their Invisibility while moving. After leaving Invisibility, they gain extra Attack Speed for 3 seconds. Teemo
94%
Stars orbit this Champion's body, dealing magic damage when they hit an enemy. Aurelion Sol
93%
Center of the Universe Aurelion Sol
93%
When this Champion swaps weapons they gain bonus Movement Speed for a short duration. Jayce
93%
Get Excited! Jinx
93%
Pix, Faerie Companion Lulu
93%
After being killed, this Champion will temporarily reanimate with rapidly decaying Health. Their attacks become very rapid, heal them, and deal bonus damage based on their target's maximum Health. Sion
93%
Causes crystals to spawn in set locations around the map. Crystals can be captured by either team by standing close to them. When near crystals this Champion's team owns, this character gains Movement Speed, Attack Speed, and increased Mana Regen. Skarner
93%
Each time this Champion hits an enemy with an ability, they sheds a chunk of themself that can be reabsorbed to restore Health. Upon taking fatal damage, this Champion splits into 4 bloblets that attempt to recombine. If any bloblets remain, they will revive with an amount of Health depending on the Health of the surviving bloblets. Each bloblet has a percentage of this Champion's maximum Health, Armor and Magic Resistance. This ability has a 5 minute cooldown. Zac
93%
Spawns seeds around themself periodically, becoming faster with level. The seeds can grow plants by using Q and E abilities on them. Zyra
93%
Wields 5 Lunari Weapons made by their sister. They have access to two at a time: one main-hand and one off-hand. Each weapon has a unique Basic Attack and Activated Ability. Attacks and abilities consume a weapon's ammo. When out of ammo, this Champion discards the weapon and their sister summons the next of the 5. Aphelios
92%
Gains their fans' Adoration when they catch a Spinning Axe or kill a minion, monster, or tower. Killing enemy Champions grants this Champion bonus gold based on how much Adoration they have. Draven
92%
Gains increasing Attack Speed each time they successfully hit a spell, stacking up to 5 times. Ezreal
92%
A Harmless Scarecrow Fiddlesticks
91%
This Champion's basic attacks and E ability deal additional damage when striking from behind. Shaco
91%
Shurima's Legacy Azir
90%
Friend of the Forest Ivern
90%
This Champion's hand cannon can only carry four shots. The fourth shot always critically strikes and deals massive extra physical damage. This Champion gains a burst of Movement Speed whenever they crit. Jhin
90%
Loaded Dice Twisted Fate
90%
This Champion's basic attacks apply a mark. Once the first stack is applied, ally basic attacks also stack this mark. Upon reaching 4 stacks, the target is stunned and takes magic damage. For the next few seconds they cannot receive new stacks, but take bonus magic damage from this Champion's attacks. Braum
89%
Every few basic attacks, or against a target they have trapped or netted, this Champion will fire a headshot dealing bonus damage that scales with their critical strike chance. Caitlyn
89%
Spawns Tentacles on nearby impassible terrain. Tentacles deal physical damage to enemies hit, and will heal this Champion if they damage a Champion. Illaoi
89%
Deals bonus physical damage whenever they basic attack a new target. Miss Fortune
89%
Upon dying, this Champion enters a spirit form that allows them to continue casting spells. Karthus
88%
A demon fights for control over this Champion's body. Can either become a fighter (bonus heal) or assassin (bonus damage). Kayn
88%
This Champion's first attack against a target deals increased physical damage and roots them briefly. Nautilus
88%
Unseen Predator Rengar
88%
Ravenous Flock Swain
88%
Striking an enemy Champion with a spell or scoring a takedown grants this Champion permanently increased Ability Power. Veigar
88%
Nearby enemies that are Isolated from their allies are marked. This Champion's abilities have interactions with Isolated targets. When this Champion is not visible to the enemy team, they become a threat, causing their next basic attack against an enemy champion to deal bonus magic damage and slow them for a few seconds. Kha'Zix
87%
Moonsilver Blade Diana
86%
Every few seconds, this Champion's melee strike will set their opponent on fire. Gangplank
86%
Skaarl, the Cowardly Lizard Kled
86%
Spiked Shell Rammus
86%
Every third basic spell will be cast twice. Additionally, casting spells near allies grants this Champion bonus magic damage and range on their next basic attack. Seraphine
86%
This Champion's basic attacks alternate between left and right punch. Right punch is slightly stronger and faster. Gains additional Health Regen based off of their missing Health. Sett
86%
Gains Movement Speed near walls. Taliyah
86%
Gains Movement Speed per level. Cannot purchase boots. Cassiopeia
85%
Every spell this Champion casts gives they Heat. Upon reaching 50% Heat, enters in Danger Zone, granting all basic abilities bonus effects. When they reach 100% Heat, they Overheat, granting basic attacks bonus damage, but making them unable to cast spells for a few seconds. Rumble
85%
Fury of the Dragonborn Shyvana
85%
Runs faster towards nearby low health allies. Soraka
85%
This Champion's basic attacks stack Plasma, dealing increasing bonus magic damage. Allies' immobilizing effects help stack Plasma. Additionally, this Champion's item purchases upgrade their basic spells to have more powerful properties. Kai'Sa
84%
League of Draven (Not Draven) Draven
83%
When this Champion drops below 40% health, they become invisible for 1 second and create a duplicate that deals no damage and lasts for up to 8 seconds LeBlanc
83%
Fury of the Xer'Sai Rek'Sai
83%
This Champion's basic attacks periodically restore Mana. Xerath
83%
While hidden from enemies, this Champion regenerates damage that they have recently taken from Champions. This Champion also cannot gain extra Maximum Health from any source, and instead gains Bonus Attack Damage. Pyke
82%
Units that die near this Champion might leave their soul behind. They can collect the soul by attacking it. Harvesting souls increases Attack Damage, Attack Range, and Critical Strike Chance permanently. Has slow basic attack, which deals bonus damage and briefly grants a portion of the target's Movement Speed. Senna
82%
After using an ability, this Champion's next basic attacks will hit all targets along their path and leave a Feather. Xayah
82%
Doubled Critical Strike Chance. Yasuo / Yone
82%
Garden of Thorns Zyra
82%
Frost Shot Ashe
81%
A percentage of this Champion's basic attack damage is converted into magic damage. They can occasionally retrieve The Package inside their base, granting Movement Speed and an empowered cast of their W. Corki
81%
This Champion's shotgun has some unique properties. Must be reload when it runs out of ammo. Attacks fire 4 bullets, which cannot pass through units. Non-champions struck by multiple bullets are knocked back. Graves
81%
When an enemy Champion dies near this Champion they become a Frozen Thrall. Frozen Thralls slow nearby enemies and then, after a delay, shatter from the intense cold, dealing magic damage to nearby targets. Lissandra
81%
Power Chord Sona
81%
An Acquired Taste Tahm Kench
81%
Stores time as Experience and can grant it to their allies, leveling them up. Zilean
81%
Gift of the Drowned Ones Pyke
80%
Deals bonus damage to dragons. Gains bonus Armor and Magic Resistance as their team defeats more dragons. Shyvana
80%
Time in a Bottle Zilean
80%
Rebirth Anivia
79%
Challenges nearby enemy Champions to dodge this Champion's attacks. They call out a direction from which they will try to strike. If they can complete their own challenge, they receive a small bonus and calls out a new direction. Fiora
79%
If this Champion has not recently been struck by damage or enemy abilities, they regenerate a percentage of their total health each second. Garen
79%
This Champion's attacks are empowered by the heavens as they level up and spend skill points. Their wings are lit aflame as they progressively gain Attack Speed, Movement Speed, Attack Range, and waves of fire on their attacks. Kayle
79%
The Darkin Scythe Kayn
79%
This Champion rides his trusty steed, who takes damage for them. When the mount's health depletes, this Champion dismounts. While dismounted, their abilities change and deal less damage to Champions. This Champion can restore their steed's courage by fighting enemies. At maximum courage, this Champion remounts with a portion of the mount's health. Kled
79%
After this Champion uses an ability, their next 2 basic attacks gain Attack Speed and return Energy. Lee Sin
79%
Phenomenal Evil Power Veigar
79%
Whenever an enemy Champion dies that this Champion has damaged recently, their remaining ability cooldowns are dramatically reduced. If this Champion picks up a Dagger, they use it to slash through all nearby enemies, dealing magic damage. Katarina
78%
This Champion's attacks generate Fury, increased when low on life. This Fury can empower their abilities with bonus effects. Renekton
78%
Glory in Death Sion
78%
Rock Surfing Taliyah
78%
This Champion can harvest souls of enemies that die near them, permanently granting Armor and Ability Power. Thresh
77%
4 seconds after dying, this Champion explodes, dealing true damage to surrounding enemies. Kog'Maw
76%
Whenever this Champion uses an ability, their next attack becomes a double-shot. Lucian
76%
Throws a buckler that bounces off the target. This Champion can pick it up to gain a temporary shield. Poppy
76%
Increases Attack Range as levels up. Tristana
76%
When this Champion strikes 9 enemies with their abilities, their next ability also heals them for each enemy hit. Ahri
75%
Charges a roar by stunning or displacing enemy Champions or when nearby enemies die. When fully charged, this Champion heals themself and all nearby allied champions. Alistar
75%
This Champion's spells burn their target, dealing damage over 4 seconds, stacking up to 3 times. If they kill an enemy while it is burning, they regain mana. When this ability reaches max stacks on a Champion, siege minion, or large monster, it becomes unstable. It detonates in 2 seconds, applying spell effects and dealing massive damage in an area around the victim. Brand
75%
This Champion's attacks and damaging abilities cause enemies to bleed for physical damage over 5 seconds, stacking up to 5 times. Darius
75%
Mirror Image LeBlanc
75%
Sunlight Leona
75%
Grants a shield which absorbs damage up to 10% of their maximum Health. If this Champion has not been hit for a few seconds, this effect recharges. Malphite
75%
This Champion can augment their basic abilities when they get kills on enemies. Viktor
75%
This Champion's attacks slow their target, dealing increased damage to these targets. Their critical strikes deal no bonus damage, but apply an empowered slow to the target. Ashe
74%
Human Form: When this Champion's abilities hit an enemy, they gain a dormant minion. Other Form: Basic attacks deal bonus magic damage and restore health. Elise
74%
This Champion can summon the Disc of the Sun from the ruins of allied or enemy turrets. Azir
73%
Attracts lesser spirits that assist dealing extra magic damage to this Champion's basic attacks. This Champion can also collect chimes throughout the map, granting Experience, max Mana and out-of-combat Movement Speed stacks. Bard
73%
Gains Movement Speed while near allied towers and turrets deployed by themself. Heimerdinger
73%
When this Champion's Abilities hit allied Champions, they gain Movement Speed for a short duration. Nami
73%
Arcane Mastery Ryze
73%
Backstab Shaco
73%
More Sparkles! Zoe
73%
Blaze Brand
72%
When out of combat, this Champion recovers missing Health and becomes camouflaged after level 6. Evelynn
72%
Passively gains bonus Movement Speed, and nearby allied champions gain this bonus when moving toward this Champion. Additionally, this Champion's basic attacks cause additional magic damage based on their bonus Movement Speed. Janna
72%
Receives massively increased Movement Speed and Attack Speed whenever they assist, slain or destroy an enemy champion, epic jungle monster, or structure. Jinx
72%
This Champion's spells deal extra damage based on their Bonus Mana, and they also gain a percentage increase to their maximum Mana based on their Ability Power. Ryze
72%
Spider Queen Elise
71%
This Champion can move through units and takes a flat amount of reduced damage from all sources. Fizz
71%
Ionian Fervor Irelia
71%
This Champion's first basic attack on an enemy deals bonus physical damage based on their current Health. This effect cannot occur again on the same enemy for a few seconds. Jarvan IV
71%
Can swiftly leap at a short distance after attacking or using Q. Starts with "Black Spear" item. Kalista
71%
Every few consecutive basic attack, this Champion strikes twice. Master Yi
71%
Love Tap Miss Fortune
71%
Surging Tides Nami
71%
Berserker Rage Olaf
71%
This Champion's companion periodically marks enemies as Vulnerable. This Champion's first basic attack against Vulnerable targets will deal bonus physical damage. Quinn
71%
This Champion generates Fury by attacking and hitting basic abilities. The Fury is consumed while burrowed, restoring Health. Rek'Sai
71%
Upon killing a unit, this Champion rolls their 'lucky' dice receiving 1 to 6 bonus Gold. Twisted Fate
71%
On kill or assist, this Champion temporarily gains Attack Speed. This bonus is larger if the enemy is a Champion. Varus
71%
Mark of the Storm Kennen
70%
Periodically gains a shield. Rakan
70%
Sap Magic Maokai
69%
Gains Fury for each attack. Fury passively increases Critical Strike Chance and can be consumed to restore Health with Q spell. Tryndamere
69%
Every 40 points of bonus Health gives this Champion 1 Ability Power and every 1 point of Ability Power gives them 1.4 bonus Health. Vladimir
68%
Pyromania Annie
67%
Basic attacks on champions grant a shield equal to a percentage of this Champion's maximum health against their damage type (Physical or Magic) for a brief duration. Camille
67%
This Champion's trinket is replaced by an effigy of themself. Fiddlesticks
67%
Duelist's Dance Fiora
67%
Gains Attack Damage equal to a percentage of their bonus Movement Speed. Hecarim
67%
After being out of combat, this Champion gains extra Armor and Magic Resist, and immunity to slows. This effect persists for a short time after they take damage. Having this passive triggered, damages a stunned enemy with heavy magic damage. Sejuani
67%
This Champion's companions collect Soul Fragments that heal them and permanently increase their maximum Health. This Champion can pull an immobilized enemy Champion closer to them, dealing damage and ripping out a Soul Fragment. Swain
67%
Gains 30 Movement Speed when moving toward nearby enemy Champions. Vayne
67%
This Champion's abilities charge their blade, and their basic attacks expend charges to deal an additional damage. Riven
65%
Regenerates 0.3% of their maximum Health each second. Dr. Mundo
64%
Z-Drive Resonance Ekko
64%
Drafts off nearby Champions, gaining a burst of Movement Speed when passing them. Singed
64%
Short Fuse Ziggs
64%
Serpentine Grace Cassiopeia
63%
Takes reduced magic damage and ignores unit collision. Kassadin
63%
Unseen Threat Kha'Zix
63%
Runic Blade Riven
63%
This Champion's spells Wound Champions and large monsters, stacking up to 3 times. When this Champion attacks a Champion with 3 stacks of Wound, they bleed for heavy damage over time. Talon
62%
This Champion builds toward a shield whenever they are moving. The shield triggers when they take damage from a Champion or monster. Yasuo
62%
Dealing spell damage to a Champion creates a ring of energy around them. Exiting that ring empowers this Champion's next autoattack with bonus range and damage. Akali
60%
This Champions attacks slowly but steals their target's Armor and Magic Resist on hit, dealing bonus damage based on the amount stolen. Rell
60%
Guerrilla Warfare Teemo
60%
Mana Surge Xerath
60%
Cell Division Zac
60%
Rage Gene Gnar
59%
Hextech Affinity Heimerdinger
59%
Tailwind Janna
59%
Crystal Spires Skarner
59%
This Champion can summon minions to swarm and attack nearby enemies. Yorick
59%
Periodically, when this Champion attacks an enemy Champion, they restore Mana and gain a shield that follows them, protecting them and the ally they're attached to. Yuumi
59%
This Champion's basic attacks against low health targets deal bonus Magic Damage. This effect can only occur once every few seconds on the same target. Zed
59%
Gains a shield based on their mana when dropping to low health. Blitzcrank
58%
Hextech Capacitor Jayce
58%
Second Skin Kai'Sa
58%
Damaging spells afflict enemies with a mark for 1.5 seconds. When allied Champions deal damage to those targets, they detonate the mark to deal additional magic damage. Leona
58%
Fey Fathers Rakan
58%
After casting 4 spells, this Champion's next offensive spell will stun the target. Annie
57%
Crimson Pact Vladimir
57%
Mana Barrier Blitzcrank
56%
Divine Ascent Kayle
56%
This Champion has a companion that fires magical bolts of energy whenever the Champion it's following attacks another enemy unit. These bolts are homing, but can be intercepted by other units. Lulu
56%
Stage Presence Seraphine
56%
Ki Barrier Shen
56%
Prophet of an Elder God Illaoi
55%
Double Strike Master Yi
55%
Builds a combo by hitting attacks or abilities unique from the previous hit. This Champion's attacks in melee range deal additional magic damage. Their attacks against enemies affected by Immobilizing effects knock them up. Samira
55%
This Champion's spells gain extra effects at max rank. Syndra
55%
Moving through brush increases this Champion's Movement Speed by 10% for 2 seconds, increased to 30% toward visible enemy Champions. Hitting Champions or monsters with Q or W triggers a Hunt, granting True Sight of them for 4 seconds. Nidalee
54%
Assassin's Mark Akali
53%
Whenever this Champion kills a unit, they recover Health and Mana. The values restored increase with their level. Cho'Gath
53%
Carnivore Cho'Gath
53%
Death Defied Karthus
53%
When an enemy unit dies near this Champion, they heal for a percent of its maximum Health. Trundle
53%
Battle Fury Tryndamere
53%
This Champion's basic attacks infect the target, dealing true damage each second. Twitch
52%
This Champion's basic attacks curses their enemies, causing them to take bonus true damage from incoming magic damage. Amumu
50%
Cursed Touch Amumu
50%
Happy Hour Gragas
50%
Mark of the Kindred (Not Kindred) Kindred
50%
Lightslinger Lucian
50%
Void Shift Malzahar
50%
This Champion' basic attacks deal bonus magic damage, scaling with their Armor. Rammus
50%
Fleet of Foot Sivir
50%
Petricite Burst Sylas
50%
This Champion's basic attacks deal bonus magic damage. If they are below 50% Health, they heal the same amount. If they are below 25% Health, this healing triples. Warwick
50%
Way of the Wanderer Yasuo
50%
When this Champion hasn't recently taken damage or been crowd controlled, they gain massive damage reduction and crowd control immunity, lingering for a short period after taking damage. Malzahar
48%
Traveler's Call Bard
47%
Periodically heals upon using a skill. Gragas
47%
Dream-Laden Bough Lillia
47%
Gains a powerful damage aura and Movement Speed after landing 3 attacks or spells against Champions. Mordekaiser
47%
Mortal Will Pantheon
47%
Fury of the North Sejuani
47%
Pit Grit Sett
47%
After casting a spell, this Champion stores a charge of this ability. Their basic attacks will expend a charge and whirl with energized chains around themself, dealing bonus magic damage to enemies hit. While this Champion has a charge of this passive, they gain attack speed. Sylas
47%
This Champion's Attack Speed is increased by 1% for each 1% of their missing Health. Olaf
46%
Adaptative Defenses Camille
45%
Demon Shade Evelynn
45%
Every few spells or attacks, this Champion's next basic spell is empowered. Pantheon
45%
Deals magic damage with every second attack. Yone
45%
Every third strike cleaves nearby enemies for an additional magic damage. After casting a spell, this Champion gains attack speed for their next 3 attacks. Diana
44%
This Champion's consecutive basic attacks continuously increase their Attack Speed. Jax
44%
Every few seconds, this Champion's next attack strikes surrounding enemies for bonus physical damage and heals themself. This Champion's basic attacks reduce this cooldown. Nocturne
44%
Deadly Venom Twitch
44%
Shepherd of Souls Yorick
44%
Contempt for the Weak Zed
44%
Colossal Smash Galio
43%
Hemorrhage Darius
42%
Iceborn Subjugation Lissandra
42%
Monkey's Agility Udyr
42%
Spellcasts empower this Champion's next 2 basic attacks to deal bonus magic damage, reduce their spell cooldowns, and attack in quick succession. Taric
41%
Glorious Evolution Viktor
40%
Eternal Hunger Warwick
40%
Periodically, this Champions's next basic attack deals bonus physical damage and heals them, based on the target's max health. Aatrox
38%
Illumination Lux
38%
The Hitman and the Seer Aphelios
36%
Every third attack or damaging spell on the same target deals bonus magic damage, and grants this Champion a burst of speed if the target is an enemy Champion. Ekko
36%
Gains stacking Armor and max Health Regen while fighting Champions and monsters. Wukong
36%
Essence Theft Ahri
35%
This Champion's attacks deal additional magic damage. This damage increases the more they attack the same target. Orianna
35%
Organic Deconstruction Vel'Koz
35%
Void Stone Kassadin
33%
This Champion's basic attack also heals them on a moderate cooldown. Each time they cast a spell or is struck by an enemy's spell, this cooldown is reduced. Maokai
33%
Reign of Anger Renekton
33%
Junkyard Titan Rumble
33%
King's Tribute Trundle
33%
Night Hunter Vayne
33%
The Relentless Storm Volibear
33%
Every third attack deals bonus damage and heals this Champion. Xin Zhao
33%
Every few seconds, this Champion's next basic attack deals bonus magic damage in an area. Galio
31%
Perseverance Garen
31%
Royal Privilege Qiyana
31%
Charges a shield over time. The shield can be activated by hitting an enemy with an ability. Vi
31%
Stone Skin Wukong
31%
Bop 'n' Block Yuumi
31%
Hitting a champion or monster with a skill will deal additional max Health damage over time. Lillia
30%
Clockwork Windup Orianna
30%
Whisper Jhin
29%
Call of the Freljord Nunu & Willump
29%
Noxious Slipstream Singed
29%
After 3 spell casts, this Champion's next attack will deal bonus magic damage in addition to an additional effect based on the last ability they activated. Sona
29%
Living Vengeance Varus
29%
Deathbringer Stance Aatrox
27%
This Champion's damaging spells charge the target with energy for 6 seconds. This Champion's next attack ignites the energy, dealing bonus magic damage to the target. Lux
27%
Drains foe's spiritual energy, giving bonus Life Steal. Nasus
27%
Deals extra damage based on own max Health. Basic attacks and damaging abilities marks the target. At the maximum of 3 stacks, this Champion can use their W ability on an enemy Champion. Tahm Kench
27%
Bravado Taric
27%
Icathian Surprise Kog'Maw
26%
Transcendent Syndra
26%
Nimble Fighter Fizz
25%
Warpath Hecarim
25%
When this Champion strikes enemies with spells they gain stacking bonus Attack Speed. At maximum stacks they also gain bonus damage on hit. Irelia
25%
Break the Mold Rell
25%
After casting a spell, this Champion gets a shield. Affecting other Champions reduces the cooldown of this effect. Shen
25%
Triumphant Roar Alistar
24%
This Champion's abilities apply a mark to enemies on hit. If 3 stacks are accumulated, the enemy will take a burst of true damage. Vel'Koz
23%
Rising Spell Force Ezreal
22%
Harrier Quinn
22%
Absolution Senna
22%
Gains a short burst of Movement Speed when they attacks an enemy Champion. Sivir
22%
Concussive Blows Braum
21%
Umbra Blades Nocturne
21%
Trial By Fire Gangplank
20%
Martial Cadence Jarvan IV
20%
Stuns enemies they hit 3 times with their abilities. Kennen
20%
Soul Eater Nasus
20%
This Champion increases the attack speed and movement speed of their companion and a nearby ally, and causes their companion's basic attacks to damage enemies around the target Nunu & Willump
20%
Periodically, this Champion's next basic attack deals bonus magic damage. This cooldown is reduced whenever they use an ability. Ziggs
20%
Prowl Nidalee
19%
Draw a Bead Tristana
19%
New Destiny Graves
18%
Salvation Soraka
18%
Damnation Thresh
18%
Relentless Assault Jax
17%
Blast Shield Vi
17%
This Champion's next basic attack after casting a spell deals bonus magic damage. Zoe
17%
This Champion drains spirit from their enemies, healing as they deal damage to enemy Champions, large minions and large monsters. Morgana
15%
This Champion's basic attacks and W periodically trigger blasts of flame from their legs, dealing physical damage. Urgot
15%
Darkness Rise Mordekaiser
13%
This Champion's first basic attack or ability against each enemy deals bonus damage. Qiyana
12%
This Champion's attacks and abilities grant Attack Speed, and eventually cause their basic attacks to deal bonus magic damage to nearby enemies. Volibear
12%
Inherent Glamour Neeko
11%
Determination Xin Zhao
11%
Hextech Munitions Corki
10%
Adrenaline Rush Dr. Mundo
10%
Soul Siphon Morgana
10%
Gains stacking Move Speed and Attack Speed after using an ability. Udyr
10%
Voracity Katarina
9%
Martial Poise Kalista
8%
Clean Cuts Xayah
7%
Way of the Hunter Yone
7%
Reduces Ultimate's cooldown each time this Champion damages an enemy Champion with abilities or basic attacks. Karma
6%
Blade's End Talon
6%
Echoing Flames Urgot
6%
Gathering Fire Karma
0%
Flurry Lee Sin
0%
Staggering Blow Nautilus
0%
Iron Ambassador Poppy
0%
Daredevil Impulse Samira
0%
No matching quizzes found
Score Distribution
Percent of People with Each Score
Percentile by Number Answered
Your Score History
You have not taken this quiz